Daň z príjmov fyzickej osoby

Rozsah daňovej povinnosti daňovníka - fyzickej osoby. Zamedzenie dvojitého zdanenia. Predmet dane. Oslobodenie od dane. Povinnosť podať daňové priznanie. Príklad vyplnenia daňového priznania k dani z príjmov fyzickej osoby typ:B. Vyplnené vzory tlačív.

Uložené v:
Podrobná bibliografia
Hlavný autor: Kastlerová, Sylvia
Médium: Kapitola
Jazyk:Slovak
Predmet:
Tagy: Pridať tag
Žiadne tagy, Buďte prvý, kto otaguje tento záznam!

MARC

LEADER 00000naa$a2200000$$$4500
001 0058064
005 20240502071643.0
041 0 |a slo 
044 |a SK 
245 1 0 |a Daň z príjmov fyzickej osoby  |c Sylvia Kastlerová 
520 |a Rozsah daňovej povinnosti daňovníka - fyzickej osoby. Zamedzenie dvojitého zdanenia. Predmet dane. Oslobodenie od dane. Povinnosť podať daňové priznanie. Príklad vyplnenia daňového priznania k dani z príjmov fyzickej osoby typ:B. Vyplnené vzory tlačív. 
610 2 0 |a dane z príjmov 
610 2 0 |a osoby fyzické 
610 2 0 |a daňovníci 
610 2 0 |a zdaňovanie 
610 2 0 |a oslobodenie od daní 
100 1 |a Kastlerová, Sylvia